000 00681nam a2200277Ia 4500
005 20260324134030.0
008 008 260324s9999 xx 000 0 eng d
020 _a9781315499093
037 _aEBOOK
040 _aCRL
040 _beng
040 _cCRL
041 _2eng
041 _aeng
084 _qCRL
100 _aBruce E. Kaufman; James T. Bennett
_91195323
245 4 _aThe Future of Private Sector Unionism in the United States
260 _bTaylor and Francis
260 _c2002
365 _a
365 _b290
856 _uhttp://www.taylorfrancis.com/books/9781315499093
942 _cEBOOK
999 _c1794958
_d1794958